UM Logo

Ethics / (Record no. 10857)

MARC details
000 -LEADER
fixed length control field 00714nam a22002057a 4500
005 - DATE AND TIME OF LATEST TRANSACTION
control field 20241024062517.0
008 - FIXED-LENGTH DATA ELEMENTS--GENERAL INFORMATION
fixed length control field 180924b ||||| |||| 00| 0 eng d
020 ## - INTERNATIONAL STANDARD BOOK NUMBER
International Standard Book Number 978-971-98-0934-0
082 ## - DEWEY DECIMAL CLASSIFICATION NUMBER
Edition number 2018
Classification number DFil 170
Item number P263
100 ## - MAIN ENTRY--PERSONAL NAME
Personal name Pasco, Marc Oliver D.
9 (RLIN) 31578
245 ## - TITLE STATEMENT
Title Ethics /
Statement of responsibility, etc. Marc Oliver D. Pasco, V. Fullente Suarez, Agustin Martin G. Rodriguez
260 ## - PUBLICATION, DISTRIBUTION, ETC. (IMPRINT)
Place of publication, distribution, etc. Quezon City :
Name of publisher, distributor, etc. C & E Publishing,Inc.,
Date of publication, distribution, etc. ©2018.
300 ## - PHYSICAL DESCRIPTION
Extent xii, 210 pages :
Other physical details illustrations ;
Dimensions 22 cm.
500 ## - GENERAL NOTE
General note Includes bibliographical references and index.
650 ## - SUBJECT ADDED ENTRY--TOPICAL TERM
Topical term or geographic name as entry element Ethics.
9 (RLIN) 31579
700 ## - ADDED ENTRY--PERSONAL NAME
Personal name Suarez, V. Fullente.
9 (RLIN) 31580
700 ## - ADDED ENTRY--PERSONAL NAME
Personal name Rodriguez, Agustin Martin G.
9 (RLIN) 8646
365 ## - TRADE PRICE
Price amount 295.00
Currency code Php
942 ## - ADDED ENTRY ELEMENTS (KOHA)
Source of classification or shelving scheme Dewey Decimal Classification
Koha item type Filipiniana
Holdings
Withdrawn status Lost status Source of classification or shelving scheme Damaged status Not for loan Collection code Home library Current library Shelving location Date acquired Source of acquisition Cost, normal purchase price Total Checkouts Full call number Barcode Date last seen Date last checked out Copy number Price effective from Koha item type
    Dewey Decimal Classification     Filipiniana UM Digos College - LIC UM Digos College - LIC Book Cart 08/16/2018 Purchased 295.00 3 DFil 170 P263 2018 25208 05/15/2025 01/29/2020 1 09/24/2018 Filipiniana
    Dewey Decimal Classification     Filipiniana UM Digos College - LIC UM Digos College - LIC   08/16/2018 Purchased 295.00   DFil 170 P263 2018 25209 05/15/2025   2 09/24/2018 Filipiniana
    Dewey Decimal Classification     Filipiniana UM Digos College - LIC UM Digos College - LIC Book Cart 08/08/2019 Purchased 295.00 4 DFil 170 P263 2018 25780 09/25/2025 09/17/2025 3 12/10/2019 Filipiniana